| 000 | 00586nam a22001937a 4500 | ||
|---|---|---|---|
| 999 |
_c264208 _d264207 |
||
| 003 | OSt | ||
| 005 | 20240806101531.0 | ||
| 008 | 240806b xxu||||| |||| 00| 0 eng d | ||
| 010 | _a84072866 | ||
| 020 | _a0307602710 (lib.bdg) | ||
| 020 | _a0307020002 | ||
| 040 | _cDLC | ||
| 050 |
_aPZ7 _b.S11855 1986 |
||
| 100 | _aSachs, Dorothea M. | ||
| 245 |
_aBaby sister / _c by Dorothea M. Sachs ; illustrated by Joy Friedman. |
||
| 260 |
_aNew York : _a Racine, Wis. : _bGolden Press ; _b Western Pub. Co., _c c1986. |
||
| 300 |
_a [24] p. : _b col. ill. ; _c 20 cm. |
||
| 942 |
_2lcc _cBK |
||